000 00352nam a2200133Ia 4500
008 230524s9999 xx 000 0 und d
020 _a9789380078670
100 _aGagan Jain
_936687
245 4 _aThe Big Book of Great Speeches
260 _bMaanu Graphics
500 _aQuantity Number: 1
650 _aPersonality Development
_936688
942 _cBK
999 _c50704
_d50704